000 00538nam a22001697a 4500
003 NUST
038 _aNusrat Nadeem
082 _a200
100 _aKomal, Nitasha
_917256
245 _aPorous Alloys and Chalcogenides for Energy Storage and Conservation /
_cKomal, Nitasha
264 _aIslamabad;
_bSNS NUST;
_c2024;
300 _a170,p;
_bill;
_c30,cm.
650 _aPhD- Chemistry
_9123166
700 _aSupervisor: Prof. Muhammad Mazhar
_9123167
856 _uhttp://10.250.8.41:8080/xmlui/handle/123456789/43508
942 _2ddc
_cTHE
999 _c609451
_d609451